LeBron James vs Michael Jordan - Statistics

General Stats
  • This quiz has been taken 301 times
  • The average score is 12 of 15
Answer Stats
Question Answer % Correct
Who has more Championships? Michael Jordan
96%
Which player played more seasons in the NBA? LeBron James
95%
Who has scored more career points (as of 2024)? LeBron
94%
Who has more career rebounds? LeBron James
94%
Who has more Finals MVP's Michael Jordan
90%
Which player has a higher career assist average? LeBron James
86%
How many season did Michael Jordan play in the NBA 15
83%
Which player has more career triple-doubles? LeBron James
82%
Which player scored more points in a single NBA game? Michael Jordan
81%
How many MVP awards does LeBron James have? 4
80%
Who has more All-NBA First Team selections? LeBron James
73%
Who won Rookie of the Year? Both
66%
Who was known for being more of a defensive specialist in their prime? Michael Jordan
62%
What was LeBron James' career points per game (as of 2024)? 27.1
58%
Who averaged more blocks per game in their career? Both averaged the same
14%
No matching quizzes found
Score Distribution
Percent of People with Each Score
Percentile by Number Answered
Your Score History
You have not taken this quiz